Ultimate Stephen King Movie Adaptations Quiz - Statistics

General Stats
  • This quiz has been taken 35 times
  • The average score is 13 of 22
Answer Stats
Hint Answer % Correct
Seven outcasts band together one summer to destroy an evil entity desguising itself as a clown (2017) IT
89%
While searching for a dead body four boys learn more about each other becoming a defining life event (1986) Stand By Me
89%
After a car crash a famous author is rescued by his, "biggest fan." (1990) Misery
85%
A man and his family move into a hotel for the winter as caretakers, but as time passes his mental state slowly unravels (1980) The Shining
81%
A prison guard finds out a man convicted of killing two young girls possesses a supernatural ability to heal people (1999) The Green Mile
78%
After a storm damages their home a man and his son head to town to grab supplies soon after a fog envelopes the town trapping them and others in the store (2007) The Mist
78%
A bullied and abused teen begins to experience supernatural powers, and trying to fit in leads to a violent and dark turn (1976) Carrie
74%
A st. bernard morphs into a dangerous beast after being bitten by a bat (1983) Cujo
74%
A couple tries to protect their daughter from her own gift of using fire for destruction (1984) Firestarter
74%
A man is sent to prison after being wrongly accused of killing his wife and her lover, he soon meets a friend who helps him adapt to prison life over the years (1994) Shawshank Redemption
74%
An older Danny Torrence traumatized by what took place at the overlook hotel meets a teenager who shares his same gift (2019) Doctor Sleep
70%
A woman accidently kills her husband during intercourse in a remote cabin, handcuffed to the bed she soon becomes delirious (2017) Geralds Game
63%
After a man hits a gypsy with his car her father puts a curse on him which causes him to start losing weight at an alarming rate (1996) Thinner
63%
A man returns to a town to write about the house that haunted him since childhood only to find out his hometown is infested with vampires (1979) Salems Lot
59%
A college student studying the holocaust discovers his neighbor is a death camp criminal hiding in america, he gives him an ultimatum to tell him about the reality of the camps and he wont turn him in, but the revelations slowly start to effect his mental health (1998) Apt Pupil
52%
A 65 year old widow is suspected of murdering her eldery, wealthy employer (1995) Dolores Claiborne
41%
A brother and sister enter a field of tall grass to save a boy but soon realize they cannot escape and something evil lurks in the grass (2019) In the Tall Grass
41%
A farmer and his son conspire to kill his wife for monetary gain, however they become delusional as the weight of their actions torture them (2017) 1922
37%
After their family cat is killed a man confides in his eldery neighbor who informs him of a burial ground that will ressurect it however after tragdey strikes and his son is killed in an accident things take a turn for the worse (1989) Pet Cemetary
37%
A young boy befriends an elderly billionaire gives him a cellphone however after he passes the boy finds out his friend can still communicate with him (2022) Mr. Harrigans Phone
26%
A lawyer defending her friend accused of killing his wife, while dealing with her own marriage which is hanging on by a thread, she discovers her husbands secret (2014) A Good Marriage
19%
Two sisters grieving their mother start being tortured by a monster who only comes out in the dark (2023) The Boogeyman
19%
No matching quizzes found
Score Distribution
Percent of People with Each Score
Percentile by Number Answered
Your Score History
You have not taken this quiz